[Event "South America-ch U12 Girls 16th"]
[Site "Buenos Aires"]
[Date "2019.12.04"]
[Round "5.3"]
[White "Castaneda, Milagros1111"]
[Black "Sanchez, Belen"]
[Result "0-1"]
[WhiteElo "1426"]
[BlackElo "1692"]
[PlyCount "114"]
[EventDate "2019.12.01"]
[EventType "swiss"]
[EventRounds "9"]
[EventCountry "ARG"]
[SourceTitle "EXT 2024"]
[Source "ChessBase"]
[SourceDate "2023.10.10"]
[SourceVersion "1"]
[SourceVersionDate "2023.10.10"]
[SourceQuality "1"]

1. f4 d5 2. Nf3 Nf6 3. e3 e6 4. b3 Bd6 5. Bb2 c5 6. Be2 Nc6 7. 0-0 0-0 8. Qe1 Re8 9. Qg3 Qe7 10. Ne5 Bxe5 11. fxe5 Nd7 12. Na3 a6 13. c4 d4 14. exd4 cxd4 15. Nc2 Qc5 16. Qf2 Ndxe5 17. Nxd4 Qe7 18. Nxc6 Nxc6 19. Ba3 Qc7 20. Bh5 g6 21. Qf6 e5 22. Bd6 Qd8 23. Qxf7+ Kh8 24. Qxe8+ Qxe8 25. Rf8+ Qxf8 26. Bxf8 Bf5 27. Bxg6 Rxf8 28. Bxf5 Rxf5 29. Rd1 Nd4 30. g3 e4 31. Kg2 Kg7 32. b4 Nc2 33. Rb1 Kf6 34. a4 Ke6 35. b5 axb5 36. cxb5 b6 37. a5 bxa5 38. b6 Rf8 39. b7 Rb8 40. Rc1 Nb4 41. Ra1 Rxb7 42. Rxa5 Rd7 43. Ra4 Rxd2+ 44. Kg1 Rb2 45. Ra8 Kd5 46. Rd8+ Kc4 47. Rb8 e3 48. Re8 e2 49. Rc8+ Kb3 50. Re8 Kc3 51. Rc8+ Kd2 52. Re8 e1Q+ 53. Rxe1 Kxe1 54. Kh1 Nd3 55. Kg1 Ne5 56. h4 Nf3+ 57. Kh1 Rh2# 0-1

[Event "ARG-ch U12 Girls"]
[Site "Buenos Aires"]
[Date "2019.03.04"]
[Round "8.1"]
[White "Bontempi, Sofia Milagros"]
[Black "Sanchez, Belen"]
[Result "1-0"]
[WhiteElo "1403"]
[BlackElo "1489"]
[PlyCount "125"]
[EventDate "2019.03.01"]
[EventType "swiss"]
[EventRounds "9"]
[EventCountry "ARG"]
[SourceTitle "EXT 2024"]
[Source "ChessBase"]
[SourceDate "2023.10.10"]
[SourceVersion "1"]
[SourceVersionDate "2023.10.10"]
[SourceQuality "1"]

1. d4 Nf6 2. c4 g6 3. Nc3 d5 4. Nf3 Bg7 5. e3 0-0 6. Be2 c5 7. 0-0 b6 8. dxc5 bxc5 9. cxd5 Bf5 10. Nh4 Ne4 11. Nxf5 Nxc3 12. Nxe7+ Qxe7 13. bxc3 Bxc3 14. Rb1 Rd8 15. Qc2 Bg7 16. d6 Qe5 17. Bf3 Na6 18. Bxa8 Rxa8 19. Rd1 Rd8 20. Bb2 Qe6 21. Bxg7 Kxg7 22. Qc3+ Kg8 23. Qa5 Rxd6 24. Rxd6 Qxd6 25. h3 c4 26. Qc3 Qc6 27. Rc1 Qd6 28. Qxc4 Nb4 29. Qd4 Qxd4 30. exd4 Nxa2 31. Ra1 Nc3 32. Rxa7 Nb5 33. Ra8+ Kg7 34. d5 Kf6 35. Rb8 Nd6 36. Rb1 Ke5 37. Rd1 Ne4 38. f3 Nd6 39. Kf2 Nc4 40. f4+ Kd6 41. Kf3 f5 42. g4 Nb6 43. gxf5 gxf5 44. Kg3 Nxd5 45. Re1 Kd7 46. Re5 Ne7 47. h4 Ke8 48. h5 Kf7 49. Ra5 Kg7 50. Ra6 h6 51. Kf3 Ng8 52. Rg6+ Kh7 53. Ke3 Ne7 54. Rd6 Kg7 55. Kd4 Ng8 56. Rg6+ Kf7 57. Ke5 Kf8 58. Ra6 Kg7 59. Kxf5 Ne7+ 60. Ke5 Ng8 61. f5 Kf7 62. Ra7+ Kf8 63. Ke6 1-0

[Event "Villa Ballester op 69th"]
[Site "Villa Ballester"]
[Date "2019.01.20"]
[Round "4"]
[White "Sanchez, Belen"]
[Black "Francisco Guecamburu, Candela Be"]
[Result "0-1"]
[WhiteElo "1450"]
[BlackElo "1643"]
[PlyCount "96"]
[EventDate "2019.01.16"]
[EventType "swiss"]
[EventRounds "9"]
[EventCountry "ARG"]
[SourceTitle "CBM 188 Extra"]
[Source "ChessBase"]
[SourceDate "2019.02.26"]
[SourceVersion "1"]
[SourceVersionDate "2019.02.26"]
[SourceQuality "1"]

1. e4 c5 2. Nf3 g6 3. d4 cxd4 4. Nxd4 Bg7 5. Nc3 Nc6 6. Be3 Nf6 7. Bc4 0-0 8. Bb3 a5 9. 0-0 Ng4 10. Qxg4 Nxd4 11. Qd1 Nxb3 12. axb3 d6 13. Qe2 Bd7 14. f4 Bc6 15. Qf3 Bxc3 16. bxc3 f5 17. Qg3 Bxe4 18. Rac1 Qc7 19. Bd4 Rfe8 20. c4 e5 21. Bb2 a4 22. Rfe1 axb3 23. Qxb3 Qc5+ 24. Kh1 Rac8 25. Ba3 Qxc4 26. Qxc4+ Rxc4 27. Bxd6 exf4 28. Bxf4 Bxg2+ 29. Kxg2 Rxe1 30. Rxe1 Rxf4 31. Rb1 Rc4 32. Rxb7 Rxc2+ 33. Kg3 Rc4 34. Rb8+ Kg7 35. Rb7+ Kh6 36. Rf7 Rc3+ 37. Kg2 Rc5 38. h4 Rc3 39. Kh2 Rc8 40. Kh3 Rg8 41. Kg3 Rg7 42. Rf8 Kh5 43. Re8 Ra7 44. Rh8 h6 45. Rg8 Ra4 46. Rf8 Rg4+ 47. Kf3 Kxh4 48. Rh8 h5 0-1

[Event "Villa Ballester op 69th"]
[Site "Villa Ballester"]
[Date "2019.01.18"]
[Round "2"]
[White "Sanchez, Belen"]
[Black "Conlazo, Eusebio"]
[Result "0-1"]
[WhiteElo "1450"]
[BlackElo "1990"]
[PlyCount "94"]
[EventDate "2019.01.16"]
[EventType "swiss"]
[EventRounds "9"]
[EventCountry "ARG"]
[SourceTitle "CBM 188 Extra"]
[Source "ChessBase"]
[SourceDate "2019.02.26"]
[SourceVersion "1"]
[SourceVersionDate "2019.02.26"]
[SourceQuality "1"]

1. e4 e6 2. d4 d5 3. Nd2 Nf6 4. e5 Nfd7 5. Bd3 c5 6. c3 Nc6 7. Ne2 Qb6 8. Nf3 Be7 9. 0-0 h6 10. Be3 Qc7 11. Nd2 b6 12. f4 g6 13. c4 Nb4 14. Bb1 Bb7 15. a3 Na6 16. cxd5 Bxd5 17. Nc3 Bb7 18. Qg4 0-0-0 19. Nb5 Qb8 20. Nc4 Nf8 21. Ncd6+ Bxd6 22. Nxd6+ Rxd6 23. exd6 Qxd6 24. dxc5 Nxc5 25. Rc1 Kb8 26. Ba2 Nfd7 27. Rd1 Qe7 28. Qg3 Ne4 29. Qe1 Ndf6 30. Bd4 Ka8 31. Rac1 Rd8 32. Be5 Rxd1 33. Qxd1 Nd5 34. Bxd5 exd5 35. Rc7 Qe6 36. Qb3 f6 37. Bd4 Qd6 38. Rh7 Bc8 39. Rxh6 Nc5 40. Qe3 Bf5 41. Qe8+ Kb7 42. Qf7+ Ka6 43. Qxf6 Qxf4 44. Qh4 Qc1+ 45. Kf2 Ne4+ 46. Kf3 Qd1+ 47. Kf4 g5+ 0-1

[Event "Villa Ballester op 69th"]
[Site "Villa Ballester"]
[Date "2019.01.16"]
[Round "1"]
[White "Vinardi, Ezequiel"]
[Black "Sanchez, Belen"]
[Result "1/2-1/2"]
[WhiteElo "1985"]
[BlackElo "1450"]
[PlyCount "70"]
[EventDate "2019.01.16"]
[EventType "swiss"]
[EventRounds "9"]
[EventCountry "ARG"]
[SourceTitle "CBM 188 Extra"]
[Source "ChessBase"]
[SourceDate "2019.02.26"]
[SourceVersion "1"]
[SourceVersionDate "2019.02.26"]
[SourceQuality "1"]

1. e4 e5 2. Nf3 Nc6 3. d4 exd4 4. Nxd4 Nf6 5. Nc3 Bb4 6. Nxc6 bxc6 7. Bd3 d5 8. exd5 cxd5 9. 0-0 0-0 10. Bg5 c6 11. Qf3 Rb8 12. h3 Be6 13. Ne2 Be7 14. b3 Re8 15. Nd4 Qd7 16. Nf5 Bxf5 17. Bxf5 Qb7 18. Rfe1 h6 19. Bf4 Rbd8 20. Bd3 Bb4 21. Rxe8+ Rxe8 22. Rd1 Ne4 23. Bxe4 Rxe4 24. Bd2 Bxd2 25. Rxd2 Qe7 26. a4 Qb4 27. Rd1 Re1+ 28. Rxe1 Qxe1+ 29. Kh2 Qe5+ 30. Qg3 Qxg3+ 31. Kxg3 Kf8 32. Kf4 Ke7 33. Ke5 g6 34. f4 f6+ 35. Kd4 Kd6 1/2-1/2

[Event "San Juan Semana U2200 2nd"]
[Site "San Juan"]
[Date "2018.11.04"]
[Round "4.2"]
[White "Sanchez, Belen"]
[Black "Minvielle, Nehuen Alexis1111"]
[Result "0-1"]
[WhiteElo "1473"]
[BlackElo "1200"]
[PlyCount "76"]
[EventDate "2018.11.02"]
[EventType "swiss"]
[EventRounds "6"]
[EventCountry "ARG"]
[SourceTitle "EXT 2024"]
[Source "ChessBase"]
[SourceDate "2023.10.10"]
[SourceVersion "1"]
[SourceVersionDate "2023.10.10"]
[SourceQuality "1"]

1. e4 c5 2. Nf3 d6 3. d4 cxd4 4. Nxd4 Nf6 5. Nc3 a6 6. Bg5 e6 7. f4 Be7 8. Qf3 h6 9. Bh4 Qb6 10. 0-0-0 e5 11. Nf5 Bxf5 12. exf5 Nbd7 13. Bc4 Qb4 14. Bb3 0-0 15. g3 Rfe8 16. a3 Qb6 17. Kb1 Nc5 18. g4 e4 19. Qg3 Nxb3 20. cxb3 Qxb3 21. g5 hxg5 22. Bxg5 d5 23. Nxd5 Qxg3 24. Nxe7+ Rxe7 25. hxg3 e3 26. Rde1 Rd8 27. Re2 Rd2 28. Rxd2 exd2 29. Rd1 Re1 30. Kc2 Rxd1 31. Kxd1 Ne4 32. Bh4 Kf8 33. g4 Ke8 34. g5 Kd7 35. g6 f6 36. Ke2 Kd6 37. Kd1 Kd5 38. Ke2 Kc4 0-1

[Event "San Juan Semana U2200 2nd"]
[Site "San Juan"]
[Date "2018.11.03"]
[Round "2.5"]
[White "Sanchez, Belen"]
[Black "Plana, Jose"]
[Result "1/2-1/2"]
[WhiteElo "1473"]
[BlackElo "1487"]
[PlyCount "71"]
[EventDate "2018.11.02"]
[EventType "swiss"]
[EventRounds "6"]
[EventCountry "ARG"]
[SourceTitle "EXT 2024"]
[Source "ChessBase"]
[SourceDate "2023.10.10"]
[SourceVersion "1"]
[SourceVersionDate "2023.10.10"]
[SourceQuality "1"]

1. e4 d6 2. d4 Nf6 3. Nc3 g6 4. f4 Bg7 5. Nf3 0-0 6. Bd3 Nbd7 7. 0-0 a6 8. Bd2 b5 9. f5 Bb7 10. a3 c5 11. fxg6 hxg6 12. d5 c4 13. Be2 Qc7 14. Ng5 Ne5 15. Qe1 Nh7 16. Qh4 Nxg5 17. Bxg5 f6 18. Be3 Kf7 19. Bd4 Rh8 20. Qg3 Bh6 21. Bg4 Nxg4 22. Qxg4 Bc8 23. Qg3 Qd7 24. e5 dxe5 25. Qxe5 Bg7 26. Rae1 Rh5 27. Qe4 Qd6 28. Be5 Qc5+ 29. Kh1 Bf5 30. Bd4 Qd6 31. Qf4 Qxf4 32. Rxf4 Bxc2 33. Bc5 Re8 34. Re6 Bf8 35. Rxa6 Re5 36. Rf1 1/2-1/2

[Event "Buenos Aires Philidor CC op"]
[Site "Buenos Aires"]
[Date "2017.11.07"]
[Round "1"]
[White "Leonoff, Leonardo"]
[Black "Sanchez, Belen"]
[Result "1-0"]
[WhiteElo "2001"]
[BlackElo "1733"]
[PlyCount "45"]
[EventDate "2017.11.07"]
[EventType "swiss"]
[EventRounds "7"]
[EventCountry "ARG"]
[SourceTitle "CBM 181 Extra"]
[Source "ChessBase"]
[SourceDate "2017.12.12"]
[SourceVersion "1"]
[SourceVersionDate "2017.12.12"]
[SourceQuality "1"]

1. e4 e5 2. Nf3 Nc6 3. Bb5 a6 4. Ba4 Nf6 5. d3 b5 6. Bb3 Bc5 7. c3 d6 8. h3 0-0 9. Nbd2 Be6 10. Bc2 Qd7 11. Nf1 Rfe8 12. Ng3 h6 13. a3 a5 14. d4 exd4 15. cxd4 Bxd4 16. Nxd4 Nxd4 17. Qxd4 Qc6 18. Bd3 Bd5 19. 0-0 Nxe4 20. Nf5 Nf6 21. f3 Be6 22. Nxg7 Kxg7 23. Bxh6+ 1-0